000 00287nam a22001337a 4500
020 _a81-86737-23-5
082 _a200
_bNAR/W
100 _aNARAYANA MAHARAJA
245 _aTHE WAY OF LOVE
260 _aBANGALORE
_bBHAKTI
_c2004
300 _a18
650 _aSPIRITUAL
_zINDIA
942 _cBK
999 _c4711
_d4711